| 000 | 00000nam 2200000za 4500 |
| 001 | 9.822667 |
| 003 | CaOODSP |
| 005 | 20221107143727 |
| 007 | cr ||||||||||| |
| 008 | 160816s2004 qucab o f000 0 eng d |
| 020 | |z0-662-29534-X |
| 040 | |aCaOODSP|beng |
| 043 | |an-cn--- |
| 086 | 1 |aR63-245/2004E-PDF|zR63-245/2004E |
| 110 | 2 |aParks Canada. |
| 245 | 10|aS.S. Keno National Historic Site of Canada |h[electronic resource] : |bmanagement plan. |
| 260 | |a[Gatineau, QC] : |bParks Canada, |cc2004. |
| 300 | |a25 p. : |bill., maps |
| 500 | |aIssued also in French under title: Lieu historique national du Canada S.S. Keno : plan directeur. |
| 530 | |aIssued also in printed form. |
| 692 | 07|2gccst|aHistoric sites |
| 692 | 07|2gccst|aManagement |
| 692 | 07|2gccst|aPlanning |
| 775 | 08|tLieu historique national du Canada S.S. Keno |w(CaOODSP)9.822668 |
| 776 | 0#|tS.S. Keno National Historic Site of Canada : |w(CaOODSP)9.647926 |
| 856 | 40|qPDF|s1.42 MB|uhttps://publications.gc.ca/collections/collection_2016/pc/R63-245-2004-eng.pdf |